Statistics for Guess the country by it's name in its language

Click here to take the quiz!

General Stats

  • This quiz has been taken 107 times
  • The average score is 18 of 25

Answer Stats

HintAnswer% Correct
NederlandNetherlands
99%
РоссияRussia
92%
中國China
90%
DeutschlandGermany
90%
日本Japan
90%
LëtzebuergLuxembourg
89%
Civitas VaticanaVatican City
89%
ÖsterreichAustria
85%
NorgeNorway
85%
इंडियाIndia
84%
대한민국South Korea
84%
ČeskoCzech Republic
82%
SchweizSwitzerland
77%
україниUkraine
77%
EestiEstonia
74%
المملكة العربية السعوديةSaudi Arabia
74%
ΕλλάδαGreece
69%
северна МакедонијаNorth Macedonia
68%
беларусьBelarus
66%
МонголMongolia
52%
AyitiHaiti
49%
नेपालNepal
45%
ÉireannIreland
44%
ՀայաստանArmenia
40%
ShqipëriaAlbania
38%

Score Distribution

Percentile by Number Answered

Percent of People with Each Score

Your Score History

You have not taken this quiz